000 00530nam a2200181Ia 4500
008 151202s9999||||xx |||||||||||||| ||und||
082 _bPNVM-62982
100 _aशिरवळकर सुहास.
245 _aसफाई.
260 _b"शशीदीप प्रकाशन,पुणे."
260 _c62982
300 _a148
600 _aशिरवळकर सुहास.
630 _aसफाई.
700 _aशिरवळकर सुहास.
730 _aसफाई.
942 _cBOOK
999 _c1329516
_d1329513